书目信息 |
| 题名: |
象人
|
|
| 作者: | 维克瑞 著 | |
| 分册: | ||
| 出版信息: | 北京 外语教学与研究出版社 1998.08 |
|
| 页数: | 56页 | |
| 开本: | 32开 | |
| 丛书名: | 书虫·牛津英汉对照读物 | |
| 单 册: | ||
| 中图分类: | H319.4:I | |
| 科图分类: | ||
| 主题词: | 英语 | |
| 电子资源: | ||
| ISBN: | 7-5600-1450-X | |
| 000 | 00587nam0 2200205 45 | |
| 001 | 0003311657 | |
| 005 | 20041018101133.04 | |
| 010 | @a7-5600-1450-X@dCNY 2.90 | |
| 100 | @a20000331d1998 km y0chiy0120 ea | |
| 101 | @achi | |
| 200 | 1 | @a象人@Axiang ren@f(英)维克瑞著@F(Ying)Wei Ke Rui Zhu |
| 210 | @a北京@c外语教学与研究出版社@d1998.08 | |
| 215 | @a56页@d32开 | |
| 225 | 2 | @a书虫·牛津英汉对照读物 |
| 410 | 0 | @12001 @a书虫·牛津英汉对照读物 |
| 606 | 0 | @a英语 |
| 690 | @aH319.4:I@v3 | |
| 701 | @a维克瑞@4著 | |
| 801 | @aCN@bPftUser@c20041018 | |
| 905 | @f5@b52098-102@dH319.4:I@eW734 | |
| 象人/(英)维克瑞著.-北京:外语教学与研究出版社,1998.08 |
| 56页;32开.-(书虫·牛津英汉对照读物) |
| ISBN 7-5600-1450-X:CNY 2.90 |
| ● |
| 相关链接 |
|
|
|
正题名:象人
索取号:H319.4:I/W734
 
预约/预借
| 序号 | 登录号 | 条形码 | 馆藏地/架位号 | 状态 | 备注 |
| 1 | 377652 | 203776529 | 自科二线404/209语言库 55排2列4层/ [索取号:H319.4:I/W734] | 在馆 | |
| 2 | 377653 | 203776538 | 自科二线404/209语言库 55排2列4层/ [索取号:H319.4:I/W734] | 在馆 | |
| 3 | 377654 | 203776547 | 社科二线400B/400B社科库 10排2列4层/ [索取号:H319.4:I/W734] | 在馆 | |
| 4 | 377655 | 203776556 | 自科二线404/209语言库 55排2列4层/ [索取号:H319.4:I/W734] | 在馆 | |
| 5 | 377656 | 203776565 | 自科二线404/209语言库 55排2列4层/ [索取号:H319.4:I/W734] | 在馆 | |
| 6 | 420563 | 204205635 | 外国语学院资料室/ [索取号:H319.4:I/W734] | 在馆 | |
| 7 | 52098 | 200520980 | 语言库209/209语言库 55排2列4层/ [索取号:H319.4:I/W734] | 在馆 | |
| 8 | 52099 | 200520999 | 自科二线404/209语言库 55排2列4层/ [索取号:H319.4:I/W734] | 在馆 | |
| 9 | 52100 | 200521006 | 语言库209/209语言库 55排2列4层/ [索取号:H319.4:I/W734] | 在馆 | |
| 10 | 52101 | 200521015 | 语言库209/209语言库 55排2列4层/ [索取号:H319.4:I/W734] | 在馆 | |
| 11 | 52102 | 200521024 | 语言库209/209语言库 55排2列4层/ [索取号:H319.4:I/W734] | 在馆 |